|
|
|
|
| LEADER |
00835nam a22002652a 4500 |
| 001 |
000062739 |
| 003 |
CZ BrMZK |
| 005 |
20110413144527.0 |
| 007 |
ta |
| 008 |
950407s1979 xo f cze d |
| 040 |
|
|
|a BOA001
|b cze
|
| 080 |
9 |
|
|a 347.633
|
| 100 |
1 |
|
|a Planková, Olga
|7 jn20010309718
|
| 245 |
1 |
0 |
|a Osvojenie dieťaťa
|
| 250 |
|
|
|a 1. vyd.
|
| 260 |
|
|
|a Bratislava :
|b Obzor,
|c 1979
|
| 300 |
|
|
|a 259 s.
|
| 490 |
1 |
|
|a Právo pre každého
|
| 830 |
|
0 |
|a Právo pro každého (Obzor)
|0 s
|
| 910 |
|
|
|a BOA001
|b PK-0086.046
|b 1-0806.072
|
| 920 |
|
|
|a 000160790
|
| 964 |
|
|
|a Osvojení - předpisy právní
|
| 990 |
|
|
|a BK
|
| 996 |
6 |
|
|b 2619936918
|c 1-0806.072
|l MZK
|r Sklad / do 1 hodiny
|n 20
|w 000062739
|u 000020
|a 1
|e BOA001
|j MZK50
|s P
|
| 996 |
7 |
|
|b 3119972075
|c PK-0086.046
|l MZK
|r Sklad / do 1 hodiny
|n 11
|w 000062739
|u 000010
|a 1
|e BOA001
|j MZK50
|s A
|